| 000 | 004400000a22001810004500 | ||
|---|---|---|---|
| 003 | MACL | ||
| 005 | 20151220125251.0 | ||
| 008 | 151220b xxu||||| |||| 00| 0 eng d | ||
| 040 |
_aMACL _cMACL |
||
| 041 | _aEnglish | ||
| 082 | _a610/BRO | ||
| 100 |
_aBrown, Carolan _921583 |
||
| 245 | _aBodywatch | ||
| 260 |
_bHeadline Book Publishing _c1994 _aLondon |
||
| 350 | _a791 | ||
| 650 |
_aMedical Science _921584 |
||
| 942 |
_cBK _k610/BRO _2ddc |
||
| 999 |
_c40205 _d40205 |
||